000 01017nam a2200265Ia 4500
003 OSt
005 20221005113359.0
006 a|||||r|||| 00| 0
007 ta
008 221004b |||||||| |||| 00| 0 pan d
020 _a9789352042517 (hbk)
_cINR 195.00
024 _a35462
037 _b1002, 13/11/2017, H.K. Prakashan
_cTextual
040 _aCRL
_cCRL
_bpan
041 _2pan
_apan
082 _aO153,2:g, Q5
100 _aਹੁੰਦਲ, ਗੁਰਮੀਤ ਸਿੰਘ, ਂਚ.
_9156325
245 0 _aਪੰਜਾਬੀ ਨਾਟਕ ਵਿੱਚ ਨਿਰੂਪਤ ਪੰਜਾਬ ਸੰਕਟ
260 _aਰੰਡੀਗੜ
_bਲੋਕਗੀਤ ਪ੍ਰਕਾFਨ ਭਾਰਤ
_c2015
300 _a86ਪੰ
_ccm.
650 _a ਪੰਜਾਬੀ ਨਾਟਕ
650 _aਪੰਜਾਾਬੀ ਸਾਹਿਤ
942 _hO153,2:g, Q5
_cTEXL
_2cc
999 _c1027985
_d1027985